000 00956nam a22002652 4500
001 0000023237
005 20151217152238.0
008 120906s xx 000 0 eng d
020 _a0071423663 :
040 _aKABU
_cKABU
245 1 0 _aCurrent diagnosis & treatment in neurology /
_cJohn C. M. Brust (editor)
250 _a1st ed.
260 _aNew York :
_bLange medical books,
_c2006.
300 _axiii, 601 p.
650 0 _aNeurology.
_@0000155742
650 0 _aNervous system
_vdiagnosis
_xdisease.
_@0000182585
700 1 _aBrust, John C. M.
_@0000182586
852 1 _9p3,500 KES
852 1 _9p3,500 KES
852 1 _9p3,500 KES
852 1 _9p3,500 KES
852 1 _9p3,500 KES
908 _a120906
950 _@1
999 _c9755
_d9755